000 00688nam a2200229Ia 4500
008 220216s9999 xx 000 0 und d
100 _aYeang H Y
245 0 _aHev b 1, Hev b 2 and Hev b 3 content in natural rubber latex and latex gloves
260 _bBiotechnology and Rubber Tree : Proceedings of IRRDB Symposium 25-28 September 2001. CIRAD-CP/Rubber Programme, Montpellier, France
650 _aHev b 1
650 _aHev b 2
650 _aHev b 3
650 _aLatex gloves
650 _aNatural rubber latex
700 _aArif S A M
700 _aChan J L
700 _aHamilton R G
700 _aHamzah S
700 _aLau C H
700 _aLOke Y H
942 _cJS
999 _c60290
_d60290